Представление документа в формате RUSMARC

ПолеНазваниеЗначение
  Тип записи a
  Библиографический уровень m
001 Контрольный номер RSL-CURIK-004073209
005 Дата корректировки 20201206204707.2
010 Индекс ISBN __
a ISBN 978-985-475-339-3
d Цена 316-58
100 Данные общей обработки __
a Данные общей обработки 19090123d2008 |||y0rusy0189 ca
101 Язык документа 0_
a Язык текста rus
102 Страна публикации __
a Страна публикации BY
105 Кодированные данные (монография) __
a Кодированные данные (монография) a z 001zy
200 Заглавие и сведения об ответственности 1_
a Заглавие Формирование кадровых ресурсов библиотек в новой информационной среде
e Сведения, относящиеся к заглавию науч.-практ. пособие
f Первые сведения об ответственности И. Б. Стрелкова
b Общее обозначение материала Текст
210 Выходные данные __
a Место издания Минск
c Издательство Новое знание
d Дата издания 2008
215 Физическое описание __
a Объем 221, [1] с.
c Иллюстрации/тип воспроизводства ил., табл.
225 Серия __
a Серия Профессионалам библиотечного дела
320 Библиография __
a Библиография Библиогр.: с. 212-221
330 Аннотация __
a Аннотация Рассматриваются направления кадровой работы библиотек: формирование кадровых ресурсов, методы подбора и отбора персонала; оценка деятельности работников. Показано место профессионального обучения и повышения квалификации кадров. Для руководителей библиотек, преподавателей, аспирантов и студентов библиотечных спецвузов и ССУЗов.
606 Тематические рубрики __
a Основная рубрика Библиотечное дело
606 Тематические рубрики __
a Основная рубрика Организация библиотечного дела
610 Ключевые слова __
a Ключевые слова библиотечные кадры; библиотечно-информационное образование; библиотечные исследования; библиотечные курсы; библиотечные специалисты; библиотечные тренинги; тренинги; библиотечные управленческие структуры; библиотечный профессионализм; библиотечный опыт; образцы анкет; анкетирование; управление персоналом; социологические исследования; управление библиотеками
686 Индексы других классификаций __
a Классификационный индекс 78.349.2
700 Автор _1
a Фамилия Стрелкова
b Имя И. Б.
g Полное личное имя Ирина Борисовна
4 Код отношения 070
801 Источник записи _0
a Страна BY
b Организация Муниципальное бюджетное учреждение культуры "Централизованная библиотечная система" г. Сургут (Центральная городская библиотека им. А. С. Пушкина)
c Дата составления 20090123
g Правила каталогизации КиК/Елгина
801 Источник записи _1
a Страна BY
b Организация Муниципальное бюджетное учреждение культуры "Централизованная библиотечная система" г. Сургут (Центральная городская библиотека им. А. С. Пушкина)
c Дата составления 20090123
g Правила каталогизации КиК/Елгина
852 Данные о местонахождении __
j Шифр хранения 78.349.2
i Авторский знак С 84
901 Тип документа __
t Тип документа m
903 Характеристики (МАРС) __
a Дата передачи 20091221
990 Данные о заказе (DOS) __
j Количество экземпляров (DOS) 1
h N записи в КСУ для Б/У (DOS) 201001